000 00481nam a2200157 i 4500
001 69622
003 ES-MaACL
005 20230906170548.0
007 t|
008 040708s1930 sp ||||1| spa d
100 1 _aGarcía Fernández, Miguel.
_954601
245 1 3 _aEl régimen orgánico del notariado, sobre un nuevo reglamento notarial /
_cpor Adra (seud.).
260 _aAlmería :
_b[s.n.,
_c1930] (
_fImp. Sempere)
300 _a76 p. ;
_c25 cm.
852 _aES-MaACL
_j1961-F-4
999 _c69622
_d69622